LDR 00988naa#a2200181#i#450# 001 EN\\bibl\120575 005 20260430174902.4 011 ## _a2587-6740 100 ## _a20260415b2026####ek#y0engy0150####ca 102 ## _aRU 200 1# _aThe main directions of land use planning in light of the implementation of the national development goals of the Russian Federation _eJournal article 210 1# _aMoscow _cElectronic science _d2026 215 ## _a3 с. 608 ## _aJournal article _2local 675 ## _aСельскохозяйственные предприятия, земельные владения и системы ведения хозяйства. 631.11 _aРегиональная экономика. Территориальная экономика. 332.1 _aЭкономическая политика. Управление и планирование в экономике. 338.2 _z 700 #1 _aVolkov _gSergey Nikolaevich 700 #1 _aCherkashina _gElena Vyacheslavovna 856 4# _astolypinvestnik.ru _u